<?xml version="1.0" encoding="UTF-8"?>
<collection xmlns="http://www.loc.gov/MARC21/slim">
 <record>
  <leader>10056cai a22013457i 4500</leader>
  <controlfield tag="001">000696469</controlfield>
  <controlfield tag="003">CZ-PrVSE</controlfield>
  <controlfield tag="005">20260305151459.0</controlfield>
  <controlfield tag="007">ta</controlfield>
  <controlfield tag="008">050426c20049999xr ar-p r     0   a0cze d</controlfield>
  <datafield tag="015" ind1=" " ind2=" ">
   <subfield code="a">cnb001532290</subfield>
  </datafield>
  <datafield tag="035" ind1=" " ind2=" ">
   <subfield code="a">(OCoLC)83979432</subfield>
  </datafield>
  <datafield tag="040" ind1=" " ind2=" ">
   <subfield code="a">ABA001</subfield>
   <subfield code="b">cze</subfield>
   <subfield code="c">ABA006</subfield>
   <subfield code="d">OLA001</subfield>
   <subfield code="d">ABA006</subfield>
   <subfield code="e">rda</subfield>
  </datafield>
  <datafield tag="072" ind1=" " ind2="7">
   <subfield code="a">657</subfield>
   <subfield code="x">Účetnictví</subfield>
   <subfield code="2">Konspekt</subfield>
   <subfield code="9">4</subfield>
  </datafield>
  <datafield tag="072" ind1=" " ind2="9">
   <subfield code="a">657</subfield>
   <subfield code="x">Accounting</subfield>
   <subfield code="2">Conspectus</subfield>
   <subfield code="9">4</subfield>
  </datafield>
  <datafield tag="080" ind1=" " ind2=" ">
   <subfield code="a">657.2</subfield>
   <subfield code="2">MRF_2003</subfield>
  </datafield>
  <datafield tag="080" ind1=" " ind2=" ">
   <subfield code="a">351.72</subfield>
   <subfield code="2">MRF_2003</subfield>
  </datafield>
  <datafield tag="080" ind1=" " ind2=" ">
   <subfield code="a">336.225.621.12</subfield>
   <subfield code="2">MRF_2003</subfield>
  </datafield>
  <datafield tag="080" ind1=" " ind2=" ">
   <subfield code="a">336.225.611</subfield>
   <subfield code="2">MRF_2003</subfield>
  </datafield>
  <datafield tag="080" ind1=" " ind2=" ">
   <subfield code="a">336.226.1:005.591.1</subfield>
   <subfield code="2">MRF_2014</subfield>
  </datafield>
  <datafield tag="080" ind1=" " ind2=" ">
   <subfield code="a">(437.3)</subfield>
   <subfield code="2">MRF_2003</subfield>
  </datafield>
  <datafield tag="080" ind1=" " ind2=" ">
   <subfield code="a">(035)</subfield>
   <subfield code="2">MRF_2003</subfield>
  </datafield>
  <datafield tag="099" ind1=" " ind2="9">
   <subfield code="a">657.2DUŠ</subfield>
  </datafield>
  <datafield tag="100" ind1="1" ind2=" ">
   <subfield code="a">Dušek, Jiří,</subfield>
   <subfield code="d">1953-</subfield>
   <subfield code="7">mzk2004221620</subfield>
   <subfield code="4">aut</subfield>
  </datafield>
  <datafield tag="245" ind1="1" ind2="0">
   <subfield code="a">Daňová evidence podnikatelů ... /</subfield>
   <subfield code="c">Jiří Dušek, Jaroslav Sedláček</subfield>
  </datafield>
  <datafield tag="264" ind1=" " ind2="1">
   <subfield code="a">Praha :</subfield>
   <subfield code="b">Grada,</subfield>
   <subfield code="c">[2004]-</subfield>
  </datafield>
  <datafield tag="300" ind1=" " ind2=" ">
   <subfield code="a">   svazků :</subfield>
   <subfield code="b">ilustrace, formuláře</subfield>
  </datafield>
  <datafield tag="310" ind1=" " ind2=" ">
   <subfield code="a">1x ročně</subfield>
  </datafield>
  <datafield tag="336" ind1=" " ind2=" ">
   <subfield code="a">text</subfield>
   <subfield code="b">txt</subfield>
   <subfield code="2">rdacontent</subfield>
  </datafield>
  <datafield tag="337" ind1=" " ind2=" ">
   <subfield code="a">bez média</subfield>
   <subfield code="b">n</subfield>
   <subfield code="2">rdamedia</subfield>
  </datafield>
  <datafield tag="338" ind1=" " ind2=" ">
   <subfield code="a">svazek</subfield>
   <subfield code="b">nc</subfield>
   <subfield code="2">rdacarrier</subfield>
  </datafield>
  <datafield tag="490" ind1="1" ind2=" ">
   <subfield code="a">Účetnictví a daně</subfield>
  </datafield>
  <datafield tag="500" ind1=" " ind2=" ">
   <subfield code="a">Součástí názvu je označení běžného roku</subfield>
  </datafield>
  <datafield tag="500" ind1=" " ind2=" ">
   <subfield code="a">Do roku 2012 autor Jaroslav Sedláček</subfield>
  </datafield>
  <datafield tag="500" ind1=" " ind2=" ">
   <subfield code="a">Jednotlivé svazky mají ISBN</subfield>
  </datafield>
  <datafield tag="650" ind1="0" ind2="7">
   <subfield code="a">daňová evidence</subfield>
   <subfield code="7">ph228446</subfield>
   <subfield code="2">czenas</subfield>
  </datafield>
  <datafield tag="650" ind1="0" ind2="7">
   <subfield code="a">daňové výdaje</subfield>
   <subfield code="7">ph119344</subfield>
   <subfield code="2">czenas</subfield>
  </datafield>
  <datafield tag="650" ind1="0" ind2="7">
   <subfield code="a">daňové přiznání</subfield>
   <subfield code="7">ph134664</subfield>
   <subfield code="2">czenas</subfield>
  </datafield>
  <datafield tag="650" ind1="0" ind2="7">
   <subfield code="a">daňová optimalizace</subfield>
   <subfield code="7">ph995308</subfield>
   <subfield code="2">czenas</subfield>
  </datafield>
  <datafield tag="651" ind1=" " ind2="7">
   <subfield code="a">Česko</subfield>
   <subfield code="7">ge128065</subfield>
   <subfield code="2">czenas</subfield>
  </datafield>
  <datafield tag="655" ind1=" " ind2="7">
   <subfield code="a">příručky</subfield>
   <subfield code="7">fd133209</subfield>
   <subfield code="2">czenas</subfield>
  </datafield>
  <datafield tag="650" ind1="0" ind2="9">
   <subfield code="a">tax accounting</subfield>
   <subfield code="2">eczenas</subfield>
  </datafield>
  <datafield tag="650" ind1="0" ind2="9">
   <subfield code="a">tax expenditures</subfield>
   <subfield code="2">eczenas</subfield>
  </datafield>
  <datafield tag="650" ind1="0" ind2="9">
   <subfield code="a">tax return</subfield>
   <subfield code="2">eczenas</subfield>
  </datafield>
  <datafield tag="650" ind1="0" ind2="9">
   <subfield code="a">tax optimization</subfield>
   <subfield code="2">eczenas</subfield>
  </datafield>
  <datafield tag="651" ind1=" " ind2="9">
   <subfield code="a">Czechia</subfield>
   <subfield code="2">eczenas</subfield>
  </datafield>
  <datafield tag="655" ind1=" " ind2="9">
   <subfield code="a">handbooks and manuals</subfield>
   <subfield code="2">eczenas</subfield>
  </datafield>
  <datafield tag="700" ind1="1" ind2=" ">
   <subfield code="a">Sedláček, Jaroslav,</subfield>
   <subfield code="d">1942-</subfield>
   <subfield code="7">ola2002103781</subfield>
   <subfield code="4">aut</subfield>
  </datafield>
  <datafield tag="710" ind1="2" ind2=" ">
   <subfield code="a">Grada (nakladatelství)</subfield>
   <subfield code="7">kn20080316009</subfield>
   <subfield code="4">pbl</subfield>
  </datafield>
  <datafield tag="830" ind1=" " ind2="0">
   <subfield code="a">Účetnictví a daně (Grada)</subfield>
  </datafield>
  <datafield tag="993" ind1=" " ind2=" ">
   <subfield code="a">003467566</subfield>
  </datafield>
  <datafield tag="902" ind1=" " ind2=" ">
   <subfield code="a">80-247-0829-9</subfield>
   <subfield code="q">(2004 ;</subfield>
   <subfield code="q">brožováno)</subfield>
  </datafield>
  <datafield tag="902" ind1=" " ind2=" ">
   <subfield code="a">80-247-1062-5</subfield>
   <subfield code="q">(2005 ;</subfield>
   <subfield code="q">brožováno)</subfield>
  </datafield>
  <datafield tag="902" ind1=" " ind2=" ">
   <subfield code="a">80-247-1446-9</subfield>
   <subfield code="q">(2006 ;</subfield>
   <subfield code="q">brožováno)</subfield>
  </datafield>
  <datafield tag="902" ind1=" " ind2=" ">
   <subfield code="a">978-80-247-2537-6</subfield>
   <subfield code="q">(2008 ;</subfield>
   <subfield code="q">brožováno)</subfield>
  </datafield>
  <datafield tag="902" ind1=" " ind2=" ">
   <subfield code="a">978-80-247-2919-0</subfield>
   <subfield code="q">(2009 ;</subfield>
   <subfield code="q">brožováno)</subfield>
  </datafield>
  <datafield tag="902" ind1=" " ind2=" ">
   <subfield code="a">978-80-247-3198-8</subfield>
   <subfield code="q">(2010 ;</subfield>
   <subfield code="q">brožováno)</subfield>
  </datafield>
  <datafield tag="902" ind1=" " ind2=" ">
   <subfield code="a">978-80-247-3802-4</subfield>
   <subfield code="q">(2011 ;</subfield>
   <subfield code="q">brožováno)</subfield>
  </datafield>
  <datafield tag="902" ind1=" " ind2=" ">
   <subfield code="a">978-80-247-4174-1</subfield>
   <subfield code="q">(2012 ;</subfield>
   <subfield code="q">brožováno)</subfield>
  </datafield>
  <datafield tag="902" ind1=" " ind2=" ">
   <subfield code="a">978-80-247-4624-1</subfield>
   <subfield code="q">(2013 ;</subfield>
   <subfield code="q">brožováno)</subfield>
  </datafield>
  <datafield tag="902" ind1=" " ind2=" ">
   <subfield code="a">978-80-247-5117-7</subfield>
   <subfield code="q">(2014 ;</subfield>
   <subfield code="q">brožováno)</subfield>
  </datafield>
  <datafield tag="902" ind1=" " ind2=" ">
   <subfield code="a">978-80-247-5436-9</subfield>
   <subfield code="q">(2015 ;</subfield>
   <subfield code="q">brožováno)</subfield>
  </datafield>
  <datafield tag="902" ind1=" " ind2=" ">
   <subfield code="a">978-80-271-0035-4</subfield>
   <subfield code="q">(2016 ;</subfield>
   <subfield code="q">brožováno)</subfield>
  </datafield>
  <datafield tag="902" ind1=" " ind2=" ">
   <subfield code="a">978-80-271-0424-6</subfield>
   <subfield code="q">(2017 ;</subfield>
   <subfield code="q">brožováno)</subfield>
  </datafield>
  <datafield tag="902" ind1=" " ind2=" ">
   <subfield code="a">978-80-271-0869-5</subfield>
   <subfield code="q">(2018 ;</subfield>
   <subfield code="q">brožováno)</subfield>
  </datafield>
  <datafield tag="902" ind1=" " ind2=" ">
   <subfield code="a">978-80-271-2248-6</subfield>
   <subfield code="q">(2019 ;</subfield>
   <subfield code="q">brožováno)</subfield>
  </datafield>
  <datafield tag="902" ind1=" " ind2=" ">
   <subfield code="a">978-80-271-1035-3</subfield>
   <subfield code="q">(2020 ;</subfield>
   <subfield code="q">brožováno)</subfield>
  </datafield>
  <datafield tag="902" ind1=" " ind2=" ">
   <subfield code="a">978-80-271-3106-8</subfield>
   <subfield code="q">(2021 ;</subfield>
   <subfield code="q">brožováno)</subfield>
  </datafield>
  <datafield tag="902" ind1=" " ind2=" ">
   <subfield code="a">978-80-271-3593-6</subfield>
   <subfield code="q">(2022 ;</subfield>
   <subfield code="q">brožováno)</subfield>
  </datafield>
  <datafield tag="902" ind1=" " ind2=" ">
   <subfield code="a">978-80-271-3986-6</subfield>
   <subfield code="q">(2023 ;</subfield>
   <subfield code="q">brožováno)</subfield>
  </datafield>
  <datafield tag="902" ind1=" " ind2=" ">
   <subfield code="a">978-80-271-5240-7</subfield>
   <subfield code="q">(2024 ;</subfield>
   <subfield code="q">brožováno)</subfield>
  </datafield>
  <datafield tag="902" ind1=" " ind2=" ">
   <subfield code="a">978-80-271-5665-8</subfield>
   <subfield code="q">(2025 ;</subfield>
   <subfield code="q">brožováno)</subfield>
  </datafield>
  <datafield tag="902" ind1=" " ind2=" ">
   <subfield code="a">978-80-271-5851-5</subfield>
   <subfield code="q">(2026 ;</subfield>
   <subfield code="q">brožováno)</subfield>
  </datafield>
  <datafield tag="910" ind1=" " ind2=" ">
   <subfield code="a">ABA006</subfield>
   <subfield code="s">2004, 2005, 2006, 2008, 2009, 2010, 2011, 2012, 2013, 2014, 2015, 2016, 2017, 2018, 2019, 2020, 2021, 2022, 2023, 2024, 2025, 2026</subfield>
   <subfield code="t">n</subfield>
  </datafield>
  <datafield tag="996" ind1=" " ind2=" ">
   <subfield code="1">HPUVV</subfield>
   <subfield code="3">A 12878-V1</subfield>
   <subfield code="5">4202142319</subfield>
   <subfield code="7">2018</subfield>
   <subfield code="8">20180126</subfield>
   <subfield code="9">336.2DUŠ</subfield>
   <subfield code="a">2018</subfield>
   <subfield code="b">2018</subfield>
   <subfield code="f">81</subfield>
   <subfield code="g">21</subfield>
   <subfield code="h">2018</subfield>
   <subfield code="l">UEP01</subfield>
   <subfield code="m">BOOK</subfield>
   <subfield code="q">Knihovna FM JH volný výběr</subfield>
   <subfield code="s">N:P</subfield>
   <subfield code="t">na 1 měsíc</subfield>
   <subfield code="u">UEP01</subfield>
  </datafield>
  <datafield tag="996" ind1=" " ind2=" ">
   <subfield code="1">HPUVV</subfield>
   <subfield code="3">A 12878-V2</subfield>
   <subfield code="4">N:P</subfield>
   <subfield code="5">4202142320</subfield>
   <subfield code="7">2018</subfield>
   <subfield code="8">20180126</subfield>
   <subfield code="9">336.2DUŠ</subfield>
   <subfield code="a">2018</subfield>
   <subfield code="b">2018</subfield>
   <subfield code="f">81</subfield>
   <subfield code="g">21</subfield>
   <subfield code="h">2018</subfield>
   <subfield code="l">UEP01</subfield>
   <subfield code="m">BOOK</subfield>
   <subfield code="q">Knihovna FM JH volný výběr</subfield>
   <subfield code="t">na 1 měsíc</subfield>
   <subfield code="u">UEP01</subfield>
  </datafield>
  <datafield tag="996" ind1=" " ind2=" ">
   <subfield code="1">HPUVV</subfield>
   <subfield code="3">A 13376-V1</subfield>
   <subfield code="4">N:P</subfield>
   <subfield code="5">4202143554</subfield>
   <subfield code="7">2019</subfield>
   <subfield code="8">20190307</subfield>
   <subfield code="9">336.2DUŠ</subfield>
   <subfield code="a">2019</subfield>
   <subfield code="b">2019</subfield>
   <subfield code="f">81</subfield>
   <subfield code="g">558</subfield>
   <subfield code="h">2019</subfield>
   <subfield code="l">UEP01</subfield>
   <subfield code="m">BOOK</subfield>
   <subfield code="q">Knihovna FM JH volný výběr</subfield>
   <subfield code="t">na 1 měsíc</subfield>
   <subfield code="u">UEP01</subfield>
  </datafield>
  <datafield tag="996" ind1=" " ind2=" ">
   <subfield code="1">HPUVV</subfield>
   <subfield code="3">A 13376-V2</subfield>
   <subfield code="4">N:P</subfield>
   <subfield code="5">4202143637</subfield>
   <subfield code="7">2019</subfield>
   <subfield code="8">20190401</subfield>
   <subfield code="9">336.2DUŠ</subfield>
   <subfield code="a">2019</subfield>
   <subfield code="b">2019</subfield>
   <subfield code="f">81</subfield>
   <subfield code="g">607</subfield>
   <subfield code="h">2019</subfield>
   <subfield code="l">UEP01</subfield>
   <subfield code="m">BOOK</subfield>
   <subfield code="q">Knihovna FM JH volný výběr</subfield>
   <subfield code="t">na 1 měsíc</subfield>
   <subfield code="u">UEP01</subfield>
  </datafield>
  <datafield tag="996" ind1=" " ind2=" ">
   <subfield code="1">HPUVV</subfield>
   <subfield code="3">A 13376-V3</subfield>
   <subfield code="4">N:P</subfield>
   <subfield code="5">4202143777</subfield>
   <subfield code="7">2019</subfield>
   <subfield code="8">20190524</subfield>
   <subfield code="9">336.2DUŠ</subfield>
   <subfield code="a">2019</subfield>
   <subfield code="b">2019</subfield>
   <subfield code="f">81</subfield>
   <subfield code="g">699</subfield>
   <subfield code="h">2019</subfield>
   <subfield code="l">UEP01</subfield>
   <subfield code="m">BOOK</subfield>
   <subfield code="q">Knihovna FM JH volný výběr</subfield>
   <subfield code="t">na 1 měsíc</subfield>
   <subfield code="u">UEP01</subfield>
  </datafield>
  <datafield tag="996" ind1=" " ind2=" ">
   <subfield code="1">HPUVV</subfield>
   <subfield code="3">A 13789-V1</subfield>
   <subfield code="4">N:P</subfield>
   <subfield code="5">4202144431</subfield>
   <subfield code="7">2020</subfield>
   <subfield code="8">20200311</subfield>
   <subfield code="9">336.2DUŠ</subfield>
   <subfield code="a">2020</subfield>
   <subfield code="b">2020</subfield>
   <subfield code="f">81</subfield>
   <subfield code="g">937</subfield>
   <subfield code="h">2020</subfield>
   <subfield code="l">UEP01</subfield>
   <subfield code="m">BOOK</subfield>
   <subfield code="q">Knihovna FM JH volný výběr</subfield>
   <subfield code="t">na 1 měsíc</subfield>
   <subfield code="u">UEP01</subfield>
  </datafield>
  <datafield tag="996" ind1=" " ind2=" ">
   <subfield code="1">HPUVV</subfield>
   <subfield code="3">A 14042-V1</subfield>
   <subfield code="4">N:P</subfield>
   <subfield code="5">4202144886</subfield>
   <subfield code="7">2021</subfield>
   <subfield code="8">20210217</subfield>
   <subfield code="9">336.2DUŠ</subfield>
   <subfield code="a">2021</subfield>
   <subfield code="b">2021</subfield>
   <subfield code="f">81</subfield>
   <subfield code="g">1255</subfield>
   <subfield code="h">2021</subfield>
   <subfield code="l">UEP01</subfield>
   <subfield code="m">BOOK</subfield>
   <subfield code="q">Knihovna FM JH volný výběr</subfield>
   <subfield code="t">na 1 měsíc</subfield>
   <subfield code="u">UEP01</subfield>
  </datafield>
  <datafield tag="996" ind1=" " ind2=" ">
   <subfield code="1">HPUVV</subfield>
   <subfield code="3">A 14462-V1</subfield>
   <subfield code="4">N:P</subfield>
   <subfield code="5">4202145637</subfield>
   <subfield code="7">2022</subfield>
   <subfield code="8">20220315</subfield>
   <subfield code="9">336.2DUŠ</subfield>
   <subfield code="a">2022</subfield>
   <subfield code="b">2022</subfield>
   <subfield code="f">81</subfield>
   <subfield code="g">1698</subfield>
   <subfield code="h">2022</subfield>
   <subfield code="l">UEP01</subfield>
   <subfield code="m">BOOK</subfield>
   <subfield code="q">Knihovna FM JH volný výběr</subfield>
   <subfield code="t">na 1 měsíc</subfield>
   <subfield code="u">UEP01</subfield>
  </datafield>
  <datafield tag="996" ind1=" " ind2=" ">
   <subfield code="1">HPUVV</subfield>
   <subfield code="3">A 14743-V1</subfield>
   <subfield code="4">N:P</subfield>
   <subfield code="5">4202146127</subfield>
   <subfield code="7">2023</subfield>
   <subfield code="8">20230214</subfield>
   <subfield code="9">336.2DUŠ</subfield>
   <subfield code="f">85</subfield>
   <subfield code="g">2002</subfield>
   <subfield code="h">2023</subfield>
   <subfield code="l">UEP01</subfield>
   <subfield code="m">BOOK</subfield>
   <subfield code="q">Knihovna FM JH volný výběr</subfield>
   <subfield code="t">prezenční</subfield>
   <subfield code="u">UEP01</subfield>
  </datafield>
  <datafield tag="996" ind1=" " ind2=" ">
   <subfield code="1">HSKL1</subfield>
   <subfield code="3">A 11968-V1</subfield>
   <subfield code="4">N:P</subfield>
   <subfield code="5">4202140293</subfield>
   <subfield code="7">2016</subfield>
   <subfield code="8">20160304</subfield>
   <subfield code="9">657DUŠ</subfield>
   <subfield code="a">2016</subfield>
   <subfield code="b">2016</subfield>
   <subfield code="f">81</subfield>
   <subfield code="h">2016</subfield>
   <subfield code="l">UEP01</subfield>
   <subfield code="m">BOOK</subfield>
   <subfield code="q">Knihovna FM JH sklad I</subfield>
   <subfield code="t">na 1 měsíc</subfield>
   <subfield code="u">UEP01</subfield>
  </datafield>
  <datafield tag="996" ind1=" " ind2=" ">
   <subfield code="1">HSKL1</subfield>
   <subfield code="3">A 12401-V1</subfield>
   <subfield code="4">N:P</subfield>
   <subfield code="5">4202141250</subfield>
   <subfield code="7">2017</subfield>
   <subfield code="8">20170207</subfield>
   <subfield code="9">336.2DUŠ</subfield>
   <subfield code="a">2017</subfield>
   <subfield code="b">2017</subfield>
   <subfield code="f">81</subfield>
   <subfield code="h">2017</subfield>
   <subfield code="l">UEP01</subfield>
   <subfield code="m">BOOK</subfield>
   <subfield code="q">Knihovna FM JH sklad I</subfield>
   <subfield code="t">na 1 měsíc</subfield>
   <subfield code="u">UEP01</subfield>
  </datafield>
  <datafield tag="996" ind1=" " ind2=" ">
   <subfield code="1">HSKL1</subfield>
   <subfield code="3">A 12401-V2</subfield>
   <subfield code="4">N:P</subfield>
   <subfield code="5">4202141251</subfield>
   <subfield code="7">2017</subfield>
   <subfield code="8">20170207</subfield>
   <subfield code="9">336.2DUŠ</subfield>
   <subfield code="a">2017</subfield>
   <subfield code="b">2017</subfield>
   <subfield code="f">81</subfield>
   <subfield code="h">2017</subfield>
   <subfield code="l">UEP01</subfield>
   <subfield code="m">BOOK</subfield>
   <subfield code="q">Knihovna FM JH sklad I</subfield>
   <subfield code="t">na 1 měsíc</subfield>
   <subfield code="u">UEP01</subfield>
  </datafield>
  <datafield tag="996" ind1=" " ind2=" ">
   <subfield code="1">HSKL1</subfield>
   <subfield code="3">A 6814-V1</subfield>
   <subfield code="5">4202121230</subfield>
   <subfield code="7">2004</subfield>
   <subfield code="8">20071002</subfield>
   <subfield code="9">336.2SED</subfield>
   <subfield code="a">2004</subfield>
   <subfield code="b">2004</subfield>
   <subfield code="f">81</subfield>
   <subfield code="h">2004</subfield>
   <subfield code="l">UEP01</subfield>
   <subfield code="m">BOOK</subfield>
   <subfield code="q">Knihovna FM JH sklad I</subfield>
   <subfield code="t">na 1 měsíc</subfield>
   <subfield code="u">UEP01</subfield>
  </datafield>
  <datafield tag="996" ind1=" " ind2=" ">
   <subfield code="1">HSKL1</subfield>
   <subfield code="3">A 8409-V1</subfield>
   <subfield code="4">N:P</subfield>
   <subfield code="5">4202131419</subfield>
   <subfield code="7">2010</subfield>
   <subfield code="8">20100216</subfield>
   <subfield code="9">336.2SED</subfield>
   <subfield code="a">2010</subfield>
   <subfield code="b">2010</subfield>
   <subfield code="f">81</subfield>
   <subfield code="h">2010</subfield>
   <subfield code="l">UEP01</subfield>
   <subfield code="m">BOOK</subfield>
   <subfield code="q">Knihovna FM JH sklad I</subfield>
   <subfield code="t">na 1 měsíc</subfield>
   <subfield code="u">UEP01</subfield>
  </datafield>
  <datafield tag="996" ind1=" " ind2=" ">
   <subfield code="1">PJMSK</subfield>
   <subfield code="3">F191203a</subfield>
   <subfield code="4">N:P</subfield>
   <subfield code="5">3142186373</subfield>
   <subfield code="7">2005</subfield>
   <subfield code="8">20050121</subfield>
   <subfield code="9">336.2SED</subfield>
   <subfield code="a">2005</subfield>
   <subfield code="b">2005</subfield>
   <subfield code="f">81</subfield>
   <subfield code="g">4172</subfield>
   <subfield code="h">2005</subfield>
   <subfield code="l">UEP01</subfield>
   <subfield code="m">BOOK</subfield>
   <subfield code="q">Knihovna JM - sklad</subfield>
   <subfield code="t">na 1 měsíc</subfield>
   <subfield code="u">UEP01</subfield>
   <subfield code="w">20050505</subfield>
  </datafield>
  <datafield tag="996" ind1=" " ind2=" ">
   <subfield code="1">PJMSK</subfield>
   <subfield code="3">F225143b</subfield>
   <subfield code="4">N:P</subfield>
   <subfield code="5">3142298747</subfield>
   <subfield code="7">2017</subfield>
   <subfield code="8">20170207</subfield>
   <subfield code="9">657.2DUŠ</subfield>
   <subfield code="a">2017</subfield>
   <subfield code="b">2017</subfield>
   <subfield code="f">81</subfield>
   <subfield code="g">46423</subfield>
   <subfield code="h">2017</subfield>
   <subfield code="l">UEP01</subfield>
   <subfield code="m">BOOK</subfield>
   <subfield code="q">Knihovna JM - sklad</subfield>
   <subfield code="t">na 1 měsíc</subfield>
   <subfield code="u">UEP01</subfield>
   <subfield code="w">20170328</subfield>
  </datafield>
  <datafield tag="996" ind1=" " ind2=" ">
   <subfield code="1">PKDEP</subfield>
   <subfield code="3">F217074e</subfield>
   <subfield code="4">N:P</subfield>
   <subfield code="5">3142274759</subfield>
   <subfield code="7">2014</subfield>
   <subfield code="8">20140520</subfield>
   <subfield code="9">657.2DUŠ</subfield>
   <subfield code="a">2014</subfield>
   <subfield code="b">2014</subfield>
   <subfield code="f">83</subfield>
   <subfield code="g">39121</subfield>
   <subfield code="h">2014</subfield>
   <subfield code="l">UEP01</subfield>
   <subfield code="m">BOOK</subfield>
   <subfield code="q">KDEP</subfield>
   <subfield code="s">DISLOK: Berková, Kateřina - ISIS37181</subfield>
   <subfield code="t">na dislokovaném</subfield>
   <subfield code="u">UEP01</subfield>
   <subfield code="w">20140520</subfield>
  </datafield>
  <datafield tag="996" ind1=" " ind2=" ">
   <subfield code="1">PSKLA</subfield>
   <subfield code="3">F191203</subfield>
   <subfield code="4">N:P</subfield>
   <subfield code="5">3142186374</subfield>
   <subfield code="7">2005</subfield>
   <subfield code="8">20050121</subfield>
   <subfield code="9">336.2SED</subfield>
   <subfield code="a">2005</subfield>
   <subfield code="b">2005</subfield>
   <subfield code="f">81</subfield>
   <subfield code="g">4172</subfield>
   <subfield code="h">2005</subfield>
   <subfield code="l">UEP01</subfield>
   <subfield code="m">BOOK</subfield>
   <subfield code="q">Knihovna Žižkov - sklad</subfield>
   <subfield code="t">na 1 měsíc</subfield>
   <subfield code="u">UEP01</subfield>
   <subfield code="w">20050309</subfield>
  </datafield>
  <datafield tag="996" ind1=" " ind2=" ">
   <subfield code="1">PSKLA</subfield>
   <subfield code="3">F194136</subfield>
   <subfield code="4">N:P</subfield>
   <subfield code="5">3142200295</subfield>
   <subfield code="7">2006</subfield>
   <subfield code="8">20060320</subfield>
   <subfield code="9">336.2SED</subfield>
   <subfield code="a">2006</subfield>
   <subfield code="b">2006</subfield>
   <subfield code="f">81</subfield>
   <subfield code="g">8216</subfield>
   <subfield code="h">2006</subfield>
   <subfield code="l">UEP01</subfield>
   <subfield code="m">BOOK</subfield>
   <subfield code="q">Knihovna Žižkov - sklad</subfield>
   <subfield code="t">na 1 měsíc</subfield>
   <subfield code="u">UEP01</subfield>
   <subfield code="w">20060405</subfield>
  </datafield>
  <datafield tag="996" ind1=" " ind2=" ">
   <subfield code="1">PSKLA</subfield>
   <subfield code="3">F198390</subfield>
   <subfield code="4">N:P</subfield>
   <subfield code="5">3142218261</subfield>
   <subfield code="7">2008</subfield>
   <subfield code="8">20080220</subfield>
   <subfield code="9">657.2SED</subfield>
   <subfield code="a">2008</subfield>
   <subfield code="b">2008</subfield>
   <subfield code="f">81</subfield>
   <subfield code="g">15275</subfield>
   <subfield code="h">2008</subfield>
   <subfield code="l">UEP01</subfield>
   <subfield code="m">BOOK</subfield>
   <subfield code="q">Knihovna Žižkov - sklad</subfield>
   <subfield code="t">na 1 měsíc</subfield>
   <subfield code="u">UEP01</subfield>
   <subfield code="w">20080319</subfield>
  </datafield>
  <datafield tag="996" ind1=" " ind2=" ">
   <subfield code="1">PSKLA</subfield>
   <subfield code="3">F201096a</subfield>
   <subfield code="4">N:P</subfield>
   <subfield code="5">3142227402</subfield>
   <subfield code="7">2009</subfield>
   <subfield code="8">20090216</subfield>
   <subfield code="9">657.2SED</subfield>
   <subfield code="a">2009</subfield>
   <subfield code="b">2009</subfield>
   <subfield code="f">81</subfield>
   <subfield code="g">19355</subfield>
   <subfield code="h">2009</subfield>
   <subfield code="l">UEP01</subfield>
   <subfield code="m">BOOK</subfield>
   <subfield code="q">Knihovna Žižkov - sklad</subfield>
   <subfield code="t">na 1 měsíc</subfield>
   <subfield code="u">UEP01</subfield>
   <subfield code="w">20090305</subfield>
  </datafield>
  <datafield tag="996" ind1=" " ind2=" ">
   <subfield code="1">PSKLA</subfield>
   <subfield code="3">F203657</subfield>
   <subfield code="4">N:P</subfield>
   <subfield code="5">3142235307</subfield>
   <subfield code="7">2010</subfield>
   <subfield code="8">20100202</subfield>
   <subfield code="9">657.2SED</subfield>
   <subfield code="a">2010</subfield>
   <subfield code="b">2010</subfield>
   <subfield code="f">81</subfield>
   <subfield code="g">22850</subfield>
   <subfield code="h">2010</subfield>
   <subfield code="l">UEP01</subfield>
   <subfield code="m">BOOK</subfield>
   <subfield code="q">Knihovna Žižkov - sklad</subfield>
   <subfield code="t">na 1 měsíc</subfield>
   <subfield code="u">UEP01</subfield>
   <subfield code="w">20100223</subfield>
  </datafield>
  <datafield tag="996" ind1=" " ind2=" ">
   <subfield code="1">PSKLA</subfield>
   <subfield code="3">F203657a</subfield>
   <subfield code="4">N:P</subfield>
   <subfield code="5">3142235308</subfield>
   <subfield code="7">2010</subfield>
   <subfield code="8">20100202</subfield>
   <subfield code="9">657.2SED</subfield>
   <subfield code="a">2010</subfield>
   <subfield code="b">2010</subfield>
   <subfield code="f">81</subfield>
   <subfield code="g">22850</subfield>
   <subfield code="h">2010</subfield>
   <subfield code="l">UEP01</subfield>
   <subfield code="m">BOOK</subfield>
   <subfield code="q">Knihovna Žižkov - sklad</subfield>
   <subfield code="t">na 1 měsíc</subfield>
   <subfield code="u">UEP01</subfield>
   <subfield code="w">20100216</subfield>
  </datafield>
  <datafield tag="996" ind1=" " ind2=" ">
   <subfield code="1">PSKLA</subfield>
   <subfield code="3">F207096</subfield>
   <subfield code="4">N:P</subfield>
   <subfield code="5">3142246062</subfield>
   <subfield code="7">2011</subfield>
   <subfield code="8">20110223</subfield>
   <subfield code="9">657.2SED</subfield>
   <subfield code="a">2011</subfield>
   <subfield code="b">2011</subfield>
   <subfield code="f">81</subfield>
   <subfield code="g">26863</subfield>
   <subfield code="h">2011</subfield>
   <subfield code="l">UEP01</subfield>
   <subfield code="m">BOOK</subfield>
   <subfield code="q">Knihovna Žižkov - sklad</subfield>
   <subfield code="t">na 1 měsíc</subfield>
   <subfield code="u">UEP01</subfield>
   <subfield code="w">20110302</subfield>
  </datafield>
  <datafield tag="996" ind1=" " ind2=" ">
   <subfield code="1">PSKLA</subfield>
   <subfield code="3">F214381a</subfield>
   <subfield code="4">N:P</subfield>
   <subfield code="5">3142264458</subfield>
   <subfield code="7">2013</subfield>
   <subfield code="8">20130221</subfield>
   <subfield code="9">657.2SED</subfield>
   <subfield code="a">2013</subfield>
   <subfield code="b">2013</subfield>
   <subfield code="f">81</subfield>
   <subfield code="g">34838</subfield>
   <subfield code="h">2013</subfield>
   <subfield code="l">UEP01</subfield>
   <subfield code="m">BOOK</subfield>
   <subfield code="q">Knihovna Žižkov - sklad</subfield>
   <subfield code="t">na 1 měsíc</subfield>
   <subfield code="u">UEP01</subfield>
   <subfield code="w">20130305</subfield>
  </datafield>
  <datafield tag="996" ind1=" " ind2=" ">
   <subfield code="1">PSKLA</subfield>
   <subfield code="3">F217074a</subfield>
   <subfield code="4">N:P</subfield>
   <subfield code="5">3142272049</subfield>
   <subfield code="7">2014</subfield>
   <subfield code="8">20140123</subfield>
   <subfield code="9">657.2DUŠ</subfield>
   <subfield code="a">2014</subfield>
   <subfield code="b">2014</subfield>
   <subfield code="f">81</subfield>
   <subfield code="g">38185</subfield>
   <subfield code="h">2014</subfield>
   <subfield code="l">UEP01</subfield>
   <subfield code="m">BOOK</subfield>
   <subfield code="q">Knihovna Žižkov - sklad</subfield>
   <subfield code="t">na 1 měsíc</subfield>
   <subfield code="u">UEP01</subfield>
   <subfield code="w">20140203</subfield>
  </datafield>
  <datafield tag="996" ind1=" " ind2=" ">
   <subfield code="1">PSKLA</subfield>
   <subfield code="3">F217074b</subfield>
   <subfield code="4">N:P</subfield>
   <subfield code="5">3142272050</subfield>
   <subfield code="7">2014</subfield>
   <subfield code="8">20140123</subfield>
   <subfield code="9">657.2DUŠ</subfield>
   <subfield code="a">2014</subfield>
   <subfield code="b">2014</subfield>
   <subfield code="f">81</subfield>
   <subfield code="g">38185</subfield>
   <subfield code="h">2014</subfield>
   <subfield code="l">UEP01</subfield>
   <subfield code="m">BOOK</subfield>
   <subfield code="q">Knihovna Žižkov - sklad</subfield>
   <subfield code="t">na 1 měsíc</subfield>
   <subfield code="u">UEP01</subfield>
   <subfield code="w">20140203</subfield>
  </datafield>
  <datafield tag="996" ind1=" " ind2=" ">
   <subfield code="1">PSKLA</subfield>
   <subfield code="3">F220192a</subfield>
   <subfield code="4">N:P</subfield>
   <subfield code="5">3142280213</subfield>
   <subfield code="7">2015</subfield>
   <subfield code="8">20150128</subfield>
   <subfield code="9">657.2DUŠ</subfield>
   <subfield code="a">2015</subfield>
   <subfield code="b">2015</subfield>
   <subfield code="f">81</subfield>
   <subfield code="g">41382</subfield>
   <subfield code="h">2015</subfield>
   <subfield code="l">UEP01</subfield>
   <subfield code="m">BOOK</subfield>
   <subfield code="q">Knihovna Žižkov - sklad</subfield>
   <subfield code="t">na 1 měsíc</subfield>
   <subfield code="u">UEP01</subfield>
   <subfield code="w">20150213</subfield>
  </datafield>
  <datafield tag="996" ind1=" " ind2=" ">
   <subfield code="1">PSKLA</subfield>
   <subfield code="3">F223481a</subfield>
   <subfield code="4">N:P</subfield>
   <subfield code="5">3142289407</subfield>
   <subfield code="7">2016</subfield>
   <subfield code="8">20160331</subfield>
   <subfield code="9">657.2DUŠ</subfield>
   <subfield code="a">2016</subfield>
   <subfield code="b">2016</subfield>
   <subfield code="f">81</subfield>
   <subfield code="g">44416</subfield>
   <subfield code="h">2016</subfield>
   <subfield code="l">UEP01</subfield>
   <subfield code="m">BOOK</subfield>
   <subfield code="q">Knihovna Žižkov - sklad</subfield>
   <subfield code="t">na 1 měsíc</subfield>
   <subfield code="u">UEP01</subfield>
   <subfield code="w">20160404</subfield>
  </datafield>
  <datafield tag="996" ind1=" " ind2=" ">
   <subfield code="1">PSKLA</subfield>
   <subfield code="3">F225143a</subfield>
   <subfield code="4">N:P</subfield>
   <subfield code="5">3142298746</subfield>
   <subfield code="7">2017</subfield>
   <subfield code="8">20170207</subfield>
   <subfield code="9">657.2DUŠ</subfield>
   <subfield code="a">2017</subfield>
   <subfield code="b">2017</subfield>
   <subfield code="f">81</subfield>
   <subfield code="g">46423</subfield>
   <subfield code="h">2017</subfield>
   <subfield code="l">UEP01</subfield>
   <subfield code="m">BOOK</subfield>
   <subfield code="q">Knihovna Žižkov - sklad</subfield>
   <subfield code="t">na 1 měsíc</subfield>
   <subfield code="u">UEP01</subfield>
   <subfield code="w">20170216</subfield>
  </datafield>
  <datafield tag="996" ind1=" " ind2=" ">
   <subfield code="1">PSKLA</subfield>
   <subfield code="3">F227168</subfield>
   <subfield code="4">N:P</subfield>
   <subfield code="5">3142309043</subfield>
   <subfield code="7">2018</subfield>
   <subfield code="8">20180122</subfield>
   <subfield code="9">657.2DUŠ</subfield>
   <subfield code="a">2018</subfield>
   <subfield code="b">2018</subfield>
   <subfield code="f">81</subfield>
   <subfield code="g">48476</subfield>
   <subfield code="h">2018</subfield>
   <subfield code="l">UEP01</subfield>
   <subfield code="m">BOOK</subfield>
   <subfield code="q">Knihovna Žižkov - sklad</subfield>
   <subfield code="t">na 1 měsíc</subfield>
   <subfield code="u">UEP01</subfield>
   <subfield code="w">20180201</subfield>
  </datafield>
  <datafield tag="996" ind1=" " ind2=" ">
   <subfield code="1">PSKLA</subfield>
   <subfield code="3">F228885</subfield>
   <subfield code="4">N:P</subfield>
   <subfield code="5">3142324557</subfield>
   <subfield code="7">2019</subfield>
   <subfield code="8">20190208</subfield>
   <subfield code="9">657.2DUŠ</subfield>
   <subfield code="a">2019</subfield>
   <subfield code="b">2019</subfield>
   <subfield code="f">81</subfield>
   <subfield code="g">50435</subfield>
   <subfield code="h">2019</subfield>
   <subfield code="l">UEP01</subfield>
   <subfield code="m">BOOK</subfield>
   <subfield code="q">Knihovna Žižkov - sklad</subfield>
   <subfield code="t">na 1 měsíc</subfield>
   <subfield code="u">UEP01</subfield>
   <subfield code="w">20190215</subfield>
  </datafield>
  <datafield tag="996" ind1=" " ind2=" ">
   <subfield code="1">PSTUD</subfield>
   <subfield code="3">F230818</subfield>
   <subfield code="4">N:P</subfield>
   <subfield code="5">3142337712</subfield>
   <subfield code="7">2020</subfield>
   <subfield code="8">20200220</subfield>
   <subfield code="9">657.2DUŠ</subfield>
   <subfield code="a">2020</subfield>
   <subfield code="b">2020</subfield>
   <subfield code="f">81</subfield>
   <subfield code="g">52803</subfield>
   <subfield code="h">2020</subfield>
   <subfield code="l">UEP01</subfield>
   <subfield code="m">BOOK</subfield>
   <subfield code="q">Studovna Žižkov</subfield>
   <subfield code="t">na 1 měsíc</subfield>
   <subfield code="u">UEP01</subfield>
   <subfield code="w">20200228</subfield>
  </datafield>
  <datafield tag="996" ind1=" " ind2=" ">
   <subfield code="1">PSTUD</subfield>
   <subfield code="3">F232676</subfield>
   <subfield code="4">N:P</subfield>
   <subfield code="5">3142348138</subfield>
   <subfield code="7">2021</subfield>
   <subfield code="8">20210218</subfield>
   <subfield code="9">657.2DUŠ</subfield>
   <subfield code="a">2021</subfield>
   <subfield code="b">2021</subfield>
   <subfield code="f">81</subfield>
   <subfield code="g">55280</subfield>
   <subfield code="h">2021</subfield>
   <subfield code="l">UEP01</subfield>
   <subfield code="m">BOOK</subfield>
   <subfield code="q">Studovna Žižkov</subfield>
   <subfield code="t">na 1 měsíc</subfield>
   <subfield code="u">UEP01</subfield>
   <subfield code="w">20210414</subfield>
  </datafield>
  <datafield tag="996" ind1=" " ind2=" ">
   <subfield code="1">PSTUD</subfield>
   <subfield code="3">F234478</subfield>
   <subfield code="4">N:P</subfield>
   <subfield code="5">3142358197</subfield>
   <subfield code="7">2022</subfield>
   <subfield code="8">20220225</subfield>
   <subfield code="9">657.2DUŠ</subfield>
   <subfield code="a">2022</subfield>
   <subfield code="b">2022</subfield>
   <subfield code="f">81</subfield>
   <subfield code="g">57259</subfield>
   <subfield code="h">2022</subfield>
   <subfield code="l">UEP01</subfield>
   <subfield code="m">BOOK</subfield>
   <subfield code="q">Studovna Žižkov</subfield>
   <subfield code="t">na 1 měsíc</subfield>
   <subfield code="u">UEP01</subfield>
   <subfield code="w">20220310</subfield>
  </datafield>
  <datafield tag="996" ind1=" " ind2=" ">
   <subfield code="1">PSTUD</subfield>
   <subfield code="3">F236215</subfield>
   <subfield code="4">N:P</subfield>
   <subfield code="5">3142363583</subfield>
   <subfield code="7">2023</subfield>
   <subfield code="8">20230130</subfield>
   <subfield code="9">657.2DUŠ</subfield>
   <subfield code="a">2023</subfield>
   <subfield code="b">2023</subfield>
   <subfield code="f">81</subfield>
   <subfield code="g">58919</subfield>
   <subfield code="h">2023</subfield>
   <subfield code="l">UEP01</subfield>
   <subfield code="m">BOOK</subfield>
   <subfield code="q">Studovna Žižkov</subfield>
   <subfield code="t">na 1 měsíc</subfield>
   <subfield code="u">UEP01</subfield>
   <subfield code="w">20230217</subfield>
  </datafield>
  <datafield tag="996" ind1=" " ind2=" ">
   <subfield code="1">PSTUD</subfield>
   <subfield code="3">F237375</subfield>
   <subfield code="4">N:P</subfield>
   <subfield code="5">3142368552</subfield>
   <subfield code="7">2024</subfield>
   <subfield code="8">20240301</subfield>
   <subfield code="9">657.2DUŠ</subfield>
   <subfield code="a">2024</subfield>
   <subfield code="b">2024</subfield>
   <subfield code="f">81</subfield>
   <subfield code="g">60420</subfield>
   <subfield code="h">2024</subfield>
   <subfield code="l">UEP01</subfield>
   <subfield code="m">BOOK</subfield>
   <subfield code="q">Studovna Žižkov</subfield>
   <subfield code="t">na 1 měsíc</subfield>
   <subfield code="u">UEP01</subfield>
   <subfield code="w">20240308</subfield>
  </datafield>
  <datafield tag="996" ind1=" " ind2=" ">
   <subfield code="1">PSTUD</subfield>
   <subfield code="3">F238287</subfield>
   <subfield code="4">N:P</subfield>
   <subfield code="5">3142372904</subfield>
   <subfield code="7">2025</subfield>
   <subfield code="8">20250221</subfield>
   <subfield code="9">657.2DUŠ</subfield>
   <subfield code="b">2025</subfield>
   <subfield code="f">81</subfield>
   <subfield code="g">61642</subfield>
   <subfield code="h">2025</subfield>
   <subfield code="l">UEP01</subfield>
   <subfield code="m">BOOK</subfield>
   <subfield code="q">Studovna Žižkov</subfield>
   <subfield code="t">na 1 měsíc</subfield>
   <subfield code="u">UEP01</subfield>
   <subfield code="w">20250306</subfield>
  </datafield>
  <datafield tag="996" ind1=" " ind2=" ">
   <subfield code="1">PSTUD</subfield>
   <subfield code="3">F239420</subfield>
   <subfield code="4">N:P</subfield>
   <subfield code="5">3142377989</subfield>
   <subfield code="7">2026</subfield>
   <subfield code="8">20260304</subfield>
   <subfield code="9">657.2DUŠ</subfield>
   <subfield code="b">2026</subfield>
   <subfield code="f">81</subfield>
   <subfield code="g">62997</subfield>
   <subfield code="h">2026</subfield>
   <subfield code="l">UEP01</subfield>
   <subfield code="m">BOOK</subfield>
   <subfield code="q">Studovna Žižkov</subfield>
   <subfield code="t">na 1 měsíc</subfield>
   <subfield code="u">UEP01</subfield>
   <subfield code="w">20260311</subfield>
  </datafield>
 </record>
</collection>
